Biggest Cities in the World - Statistics

General Stats
  • This quiz has been taken 29 times
  • The average score is 36 of 50
Answer Stats
Population Urban Area % Correct
17.5 m Los Angeles
100%
23.0 m New York City
100%
20.5 m Beijing
96%
21.9 m Cairo
96%
14.8 m London
96%
39.3 m Shanghai
96%
40.7 m Tokyo
96%
65.1 m Guangzhou / Shenzhen
92%
20.7 m Lagos
92%
24.7 m Mexico City
92%
17.4 m Moscow
92%
13.3 m Rio de Janeiro
92%
32.4 m Delhi
88%
28.6 m Jakarta
88%
11.4 m Paris
88%
22.7 m São Paulo
88%
24.8 m Seoul
88%
16.8 m Buenos Aires
85%
16.5 m Istanbul
81%
26.4 m Manila
81%
17.7 m Osaka
81%
10.0 m Bogotá
77%
9.85 m Chicago
77%
14.5 m Johannesburg
77%
17.2 m Kolkata
77%
26.1 m Mumbai
77%
15.8 m Tehran
77%
11.4 m Lima
73%
19.9 m Bangkok
69%
10.9 m Ho Chi Minh City
69%
11.9 m Chennai
65%
20.9 m Dhaka
65%
14.5 m Kinshasa
65%
18.6 m Karachi
62%
13.9 m Lahore
62%
13.2 m Bangalore
58%
10.7 m Hyderabad
58%
10.8 m Wuhan
58%
15.2 m Chengdu
54%
9.10 m Kuala Lumpur
54%
11.6 m Xi'an
54%
10.5 m Nagoya
50%
11.2 m Tianjin
50%
14.1 m Xiamen
46%
9.05 m Ahmedabad
42%
10.1 m Chongqing
38%
9.20 m Taipei
38%
12.5 m Hangzhou
31%
10.0 m Changsha
19%
8.95 m Zhengzhou
19%
No matching quizzes found
Score Distribution
Percent of People with Each Score
Percentile by Number Answered
Your Score History
You have not taken this quiz